[Event "40th IND-ch (w)"]
[Site "Kolkata IND"]
[Date "2013.09.03"]
[Round "9"]
[White "Monnisha, Gajendra Babu Kannaiyan"]
[Black "Swathi, Ghate"]
[Result "1-0"]
[WhiteElo "2056"]
[BlackElo "2226"]
[EventDate "2013.08.26"]
[Board "1"]
[PlyCount "173"]
[EventRounds "11"]
[EventCountry "IND"]

1.e4 c5 2.Nf3 e6 3.d4 cxd4 4.Nxd4 a6 5.c4 Nf6 6.Nc3 Qc7 7.a3 b6 8.Be3 Bb7 
9.f3 d6 10.Be2 Nbd7 11.O-O Be7 12.Rc1 Rc8 13.Qd2 O-O 14.Rfd1 Qb8 15.b4 Bd8
16.Nb3 Bc7 17.Bf4 Ne8 18.Qe1 Ndf6 19.Qh4 Bc6 20.Kh1 Qb7 21.Rb1 Qa8 22.a4 
Bd7 23.b5 a5 24.g4 e5 25.Be3 Be6 26.g5 Nd7 27.Nd5 Bd8 28.Rg1 g6 29.Bf1 f5 
30.gxf6 Ndxf6 31.Qh6 Qb7 32.Rb2 Ng7 33.Bc1 Qf7 34.Be2 Nfh5 35.Qd2 Rb8 36.
Qd3 Bc8 37.Nc3 Be7 38.Nd5 Bd8 39.Nc3 Rb7 40.Bh6 Rd7 41.Qd5 Bb7 42.Qxf7+ 
Kxf7 43.Rd1 Ke7 44.Rbd2 Bc8 45.f4 exf4 46.Bxh5 Nxh5 47.Bxf8+ Kxf8 48.Rxd6 
Ke8 49.e5 Bh4 50.c5 Rxd6 51.exd6 Bg4 52.cxb6 Bf2 53.Kg2 Bxb6 54.Re1+ Kd7 
55.Nd2 Be3 56.Nf3 Kxd6 57.Ne4+ Kc7 58.Nf2 Bc8 59.Nd1 Bc5 60.Nb2 Bb4 61.
Rc1+ Kb8 62.Nd3 Bf8 63.Nde5 Nf6 64.Nc6+ Ka8 65.Nxa5 Bf5 66.Nb3 Ba3 67.Rc7 
Be4 68.Nd2 Bd5 69.a5 Kb8 70.b6 Bd6 71.Rc2 Ng4 72.Nf1 Ne5 73.Nd2 Bb4 74.a6 
Bxd2 75.Rxd2 Bxf3+ 76.Kf2 Kc8 77.Rc2+ Bc6 78.Rc3 g5 79.Kf1 Kd7 80.Rc5 Nd3 
81.b7 Nxc5 82.b8=Q Nxa6 83.Qg8 Nc7 84.Qxg5 Ne6 85.Qf5 h6 86.Qh7+ Kd6 87.
Qxh6 Ke5 88.h4 Nd4 89.h5 Ke4 90.Kf2 Bd5 91.Qg6+ 1-0

[Event "40th IND-ch (w)"]
[Site "Kolkata IND"]
[Date "2013.09.03"]
[Round "9"]
[White "Kulkarni, Bhakti"]
[Black "Tania, Sachdev"]
[Result "1/2-1/2"]
[WhiteElo "2302"]
[BlackElo "2430"]
[EventDate "2013.08.26"]
[Board "2"]
[PlyCount "147"]
[EventRounds "11"]
[EventCountry "IND"]

1.d4 Nf6 2.Nf3 e6 3.e3 c5 4.Bd3 b6 5.O-O Bb7 6.c4 Be7 7.Nc3 cxd4 8.exd4 d6
9.b3 Nbd7 10.Bb2 O-O 11.Re1 Re8 12.d5 e5 13.Nd2 Bf8 14.Qe2 g6 15.Rad1 a6 
16.a4 Nh5 17.Qf1 f5 18.f3 Bg7 19.g3 Rf8 20.Qg2 a5 21.Nb5 Nc5 22.Bc2 Qd7 
23.Re2 Rf7 24.Rde1 Raf8 25.Bc3 Na6 26.Qf2 Qd8 27.Bb1 Nc5 28.Bc2 Nf6 29.Qg2
Na6 30.Qf2 Nc5 31.Qg2 Qb8 32.Bb2 Na6 33.Ba3 Nb4 34.Bxb4 axb4 35.Rf1 Ba6 
36.Nb1 Bxb5 37.axb5 Qc7 38.Rd1 Nd7 39.Rde1 Nc5 40.Rf1 Ra8 41.Qf2 Nd7 42.
Qe1 Qc5+ 43.Kg2 Nf6 44.Bd3 Ra1 45.Bc2 Rfa7 46.Rff2 R7a3 47.Qc1 R3a2 48.
Bxf5 Rxe2 49.Be6+ Kf8 50.Rxe2 Qd4 51.Qc2 Bh6 52.Re1 Bg7 53.Qe2 Ra7 54.Qf2 
Qxf2+ 55.Kxf2 Ra2+ 56.Re2 Ra1 57.Nd2 Rc1 58.c5 Rxc5 59.Nc4 Nxd5 60.Rd2 Nc7
61.Rxd6 Ke7 62.Bh3 Nxb5 63.Rxb6 e4 64.Rb7+ Kf8 65.fxe4 Bd4+ 66.Kf3 Bc3 67.
Nb6 Nd4+ 68.Ke3 Nc2+ 69.Kf4 Bd2+ 70.Kf3 Rc3+ 71.Ke2 Bg5 72.Rb8+ Kg7 73.
Rb7+ Kf8 74.Rb8+ 1/2-1/2

[Event "40th IND-ch (w)"]
[Site "Kolkata IND"]
[Date "2013.09.03"]
[Round "9"]
[White "Mohanty, Kiran Monisha"]
[Black "Soumya, Swaminathan"]
[Result "0-1"]
[WhiteElo "2272"]
[BlackElo "2318"]
[EventDate "2013.08.26"]
[Board "3"]
[PlyCount "76"]
[EventRounds "11"]
[EventCountry "IND"]

1.e4 g6 2.d4 Bg7 3.Nf3 d6 4.Nc3 a6 5.a4 Nf6 6.h3 O-O 7.Be2 Nc6 8.Bg5 h6 9.
Be3 e5 10.O-O exd4 11.Nxd4 Re8 12.Bd3 Nb4 13.Qd2 d5 14.Nxd5 Nfxd5 15.exd5 
Nxd5 16.Bc4 Nxe3 17.fxe3 Be6 18.Qd3 Bxc4 19.Qxc4 Qe7 20.Rf3 Rad8 21.Raf1 
Rf8 22.b4 Rd6 23.c3 Rf6 24.b5 axb5 25.axb5 Rxf3 26.Rxf3 Qe5 27.Kf2 h5 28.
Ne2 Qd6 29.Nd4 Be5 30.e4 h4 31.Qd5 Qxd5 32.exd5 Rd8 33.Nb3 Rxd5 34.c4 Rd1 
35.Re3 Bg3+ 36.Ke2 Rg1 37.Kf3 Rf1+ 38.Ke4 Rf2 0-1

[Event "40th IND-ch (w)"]
[Site "Kolkata IND"]
[Date "2013.09.03"]
[Round "9"]
[White "Pratyusha, Bodda"]
[Black "Michelle, Catherina"]
[Result "1-0"]
[WhiteElo "2159"]
[BlackElo "2152"]
[EventDate "2013.08.26"]
[Board "4"]
[PlyCount "129"]
[EventRounds "11"]
[EventCountry "IND"]

1.Nc3 Nf6 2.e4 e5 3.f4 d5 4.fxe5 Nxe4 5.Nf3 Be7 6.Qe2 Nxc3 7.dxc3 c6 8.Bf4
Qa5 9.Qf2 Bf5 10.Nd4 Bg6 11.h4 Na6 12.h5 Be4 13.Be2 Qb6 14.O-O-O Nc5 15.
Qg3 Rg8 16.e6 Nxe6 17.Nxe6 fxe6 18.Bg4 c5 19.Qh3 Rf8 20.Bg3 Bf5 21.Rhf1 g6
22.hxg6 hxg6 23.Bxf5 gxf5 24.Qh7 Bg5+ 25.Kb1 O-O-O 26.Be5 Bf6 27.Bxf6 Rxf6
28.g4 Qc7 29.Qh4 Qf7 30.Rd2 Rf8 31.Rdf2 f4 32.c4 e5 33.Qg5 e4 34.cxd5 e3 
35.Rf3 e2 36.Re1 Qe8 37.Qh4 Qe4 38.Qf2 Qxd5 39.Qxe2 Rd8 40.Rd3 Qg8 41.Qe5 
c4 42.Qxf6 cxd3 43.Qf5+ Kb8 44.Qxf4+ Ka8 45.cxd3 Rxd3 46.Qf5 Rd6 47.g5 a6 
48.Rc1 Qg7 49.Rf1 Qg6 50.Qxg6 Rxg6 51.Rg1 Kb8 52.Kc2 Kc7 53.Kd3 Kd6 54.Ke4
Ke6 55.b4 Kf7 56.Kd5 Rb6 57.g6+ Kg7 58.Rg4 a5 59.a3 Rf6 60.b5 Rf5+ 61.Kc4 
Rf3 62.a4 Ra3 63.Kc5 Re3 64.Kb6 Re7 65.Kxa5 1-0

[Event "40th IND-ch (w)"]
[Site "Kolkata IND"]
[Date "2013.09.03"]
[Round "9"]
[White "Padmini, Rout"]
[Black "Furtado, Ivana Maria"]
[Result "1-0"]
[WhiteElo "2332"]
[BlackElo "2116"]
[EventDate "2013.08.26"]
[Board "5"]
[PlyCount "81"]
[EventRounds "11"]
[EventCountry "IND"]

1.e4 c6 2.d4 d5 3.e5 Bf5 4.h4 h6 5.g4 Bd7 6.h5 e6 7.f4 c5 8.c3 Qb6 9.Nf3 
Bb5 10.Bxb5+ Qxb5 11.Kf2 Nc6 12.Kg2 O-O-O 13.a4 Qb6 14.a5 Qc7 15.dxc5 Bxc5
16.b4 Be7 17.Na3 d4 18.Nb5 Qd7 19.Nbxd4 Bxb4 20.cxb4 Nxd4 21.Qxd4 Qxd4 22.
Nxd4 Rxd4 23.Be3 Rd7 24.Bxa7 Ne7 25.Rhc1+ Rc7 26.Bb6 Rxc1 27.Rxc1+ Kb8 28.
Rc7 Re8 29.Kf3 f6 30.exf6 gxf6 31.Rc1 Nd5 32.Bc5 f5 33.g5 hxg5 34.fxg5 e5 
35.Bd6+ Ka7 36.Rc5 e4+ 37.Ke2 Nxb4 38.Rxf5 Nc6 39.Bc5+ Ka6 40.g6 Kxa5 41.
g7 1-0

[Event "40th IND-ch (w)"]
[Site "Kolkata IND"]
[Date "2013.09.04"]
[Round "10"]
[White "Swathi, Ghate"]
[Black "Gomes, Mary Ann"]
[Result "0-1"]
[WhiteElo "2226"]
[BlackElo "2418"]
[EventDate "2013.08.26"]
[Board "1"]
[PlyCount "92"]
[EventRounds "11"]
[EventCountry "IND"]

1.e4 c5 2.Nf3 d6 3.d4 cxd4 4.Nxd4 Nf6 5.Nc3 a6 6.g3 e5 7.Nb3 Be7 8.Bg2 O-O
9.O-O Be6 10.a4 Nbd7 11.Re1 Rc8 12.Nd2 Bg4 13.Bf3 Bxf3 14.Qxf3 Nc5 15.b3 
Ne6 16.Nc4 Nd4 17.Qd3 b5 18.Ne3 Nf3+ 19.Kf1 Nxe1 20.Kxe1 Qd7 21.axb5 axb5 
22.Nxb5 d5 23.Ra7 Bb4+ 24.Bd2 Bxd2+ 25.Kxd2 Nxe4+ 26.Qxe4 Qxb5 27.Qxe5 
Rce8 28.Qd4 Re4 29.Qd3 Qc5 30.Ra4 Rxa4 31.bxa4 d4 32.Nf5 Rd8 33.Kd1 g6 34.
Nh4 Qa5 35.Qb5 Qc3 36.Qb3 Qa1+ 37.Kd2 Qf1 38.Qf3 Re8 39.Ng2 Qc4 40.a5 Qb4+
41.Kc1 Qxa5 42.Qc6 Qa3+ 43.Kd2 Qa5+ 44.Kc1 Rd8 45.Qc4 Qa3+ 46.Kd2 Qf3 0-1

[Event "40th IND-ch (w)"]
[Site "Kolkata IND"]
[Date "2013.09.04"]
[Round "10"]
[White "Furtado, Ivana Maria"]
[Black "Mohota, Nisha"]
[Result "0-1"]
[WhiteElo "2116"]
[BlackElo "2293"]
[EventDate "2013.08.26"]
[Board "2"]
[PlyCount "108"]
[EventRounds "11"]
[EventCountry "IND"]

1.d4 Nc6 2.Nf3 d6 3.e3 g6 4.c3 Bg7 5.b4 a6 6.Qb3 Nf6 7.Nbd2 O-O 8.e4 e5 9.
d5 Ne7 10.g3 c6 11.dxc6 bxc6 12.Bg2 a5 13.O-O Be6 14.Qc2 h6 15.a4 Nd7 16.
Ba3 Nb6 17.bxa5 Nbc8 18.Rfd1 Qxa5 19.Bb4 Qc7 20.Nf1 c5 21.Ba3 Nb6 22.Bc1 
Qc6 23.Ne3 Nxa4 24.Nd5 Bxd5 25.exd5 Qd7 26.Nd2 Nb6 27.Rxa8 Rxa8 28.Ne4 f5 
29.Nxc5 dxc5 30.d6 Rb8 31.dxe7 Qxe7 32.Be3 Kh7 33.Rb1 Qc7 34.Rb5 Nd7 35.
Rxb8 Nxb8 36.Qb3 Nd7 37.Qe6 Nf6 38.Qc4 Bf8 39.h3 Qe7 40.Bf3 Kg7 41.Kf1 Qd6
42.Ke1 Nd7 43.Bd1 Nb6 44.Qe2 Be7 45.Bc1 Bg5 46.Ba3 Qd5 47.f3 Nc4 48.Bb3 
Qd2+ 49.Qxd2 Bxd2+ 50.Ke2 Nxa3 51.Kxd2 Nb5 52.Kd3 Nd6 53.Bd5 Kf6 54.c4 f4 
55.g4 Kg5 56.Ke2 Kh4 57.Be6 Kg3 58.Bg8 e4 59.fxe4 0-1

[Event "40th IND-ch (w)"]
[Site "Kolkata IND"]
[Date "2013.09.04"]
[Round "10"]
[White "Michelle, Catherina"]
[Black "Padmini, Rout"]
[Result "1-0"]
[WhiteElo "2152"]
[BlackElo "2332"]
[EventDate "2013.08.26"]
[Board "3"]
[PlyCount "113"]
[EventRounds "11"]
[EventCountry "IND"]

1.e4 c5 2.Nf3 d6 3.d4 cxd4 4.Nxd4 Nf6 5.Nc3 a6 6.Be3 e5 7.Nb3 Be7 8.h3 Be6
9.f4 exf4 10.Bxf4 Nc6 11.Qe2 O-O 12.O-O-O Nd7 13.Bxd6 Bxd6 14.Rxd6 Rc8 15.
Rd1 Nb4 16.Kb1 Qb6 17.Qd2 Nc5 18.Nxc5 Qxc5 19.a3 Nc6 20.Bd3 b5 21.Nd5 Ne5 
22.Rhe1 a5 23.Qc3 Qxc3 24.Nxc3 b4 25.axb4 axb4 26.Nd5 Rb8 27.b3 Rfd8 28.
Bf1 Kf8 29.Kb2 Rd7 30.Be2 f6 31.Nf4 Re7 32.Rd6 Bf7 33.Red1 g5 34.Nd3 Bg6 
35.Rxf6+ Kg7 36.Rf2 Bxe4 37.Nxe5 Rxe5 38.Bc4 Bg6 39.Rd7+ Kh6 40.Rd6 Kh5 
41.Bf7 Bxf7 42.Rxf7 Rh8 43.g4+ Kh4 44.Rh6+ Kg3 45.Rhxh7 Rc8 46.Rc7 Rxc7 
47.Rxc7 Kxh3 48.Rc4 Rb5 49.c3 bxc3+ 50.Kxc3 Kg3 51.b4 Rb8 52.Kb3 Kf3 53.
Ka4 Ra8+ 54.Kb5 Rf8 55.Kc5 Rc8+ 56.Kd5 Rb8 57.Kd6 Kg3 58.Kc7 Rf8 59.b5 Rf4
60.Rxf4 gxf4 61.g5 f3 62.g6 f2 63.g7 f1=Q 64.g8=Q+ Kh2 65.Qh7+ Kg2 66.Qg6+
Kh2 67.Qh6+ Kg2 68.Qg5+ Kh2 69.Qh5+ Kg2 70.Qd5+ Kh3 71.Qd7+ Kh2 72.b6 Qc4+
73.Kb8 Kh1 74.Qh3+ Kg1 75.Qg3+ Kh1 76.b7 Qc6 77.Qh3+ Kg1 78.Qe3+ Kh1 79.
Ka8 Qa6+ 80.Qa7 Qc6 81.Qa1+ Kg2 82.Qa5 Kh1 83.Ka7 Qd7 84.Qe1+ Kg2 85.Qe4+ 
Kg1 86.Ka8 1-0

[Event "40th IND-ch (w)"]
[Site "Kolkata IND"]
[Date "2013.09.04"]
[Round "10"]
[White "Soumya, Swaminathan"]
[Black "Pratyusha, Bodda"]
[Result "1-0"]
[WhiteElo "2318"]
[BlackElo "2159"]
[EventDate "2013.08.26"]
[Board "4"]
[PlyCount "65"]
[EventRounds "11"]
[EventCountry "IND"]

1.e4 e6 2.d4 d5 3.e5 c5 4.c3 Nc6 5.Nf3 Bd7 6.Be2 Nge7 7.O-O cxd4 8.cxd4 
Ng6 9.g3 Be7 10.h4 O-O 11.Nc3 f6 12.exf6 Bxf6 13.Be3 Nce7 14.h5 Nh8 15.g4 
h6 16.Bd3 Nf7 17.Bc2 Ng5 18.Nxg5 hxg5 19.Qd2 Nc6 20.f3 Qc7 21.Kg2 Nb4 22.
Bb1 e5 23.a3 exd4 24.Bxd4 Bxd4 25.Qxd4 Rf4 26.Nxd5 Qd6 27.Be4 Nc2 28.Qd3 
Rxe4 29.fxe4 Qc5 30.Rac1 Rc8 31.Rf2 Ba4 32.b3 Ne3+ 33.Qxe3 1-0

[Event "40th IND-ch (w)"]
[Site "Kolkata IND"]
[Date "2013.09.04"]
[Round "10"]
[White "Tania, Sachdev"]
[Black "Mohanty, Kiran Monisha"]
[Result "1-0"]
[WhiteElo "2430"]
[BlackElo "2272"]
[EventDate "2013.08.26"]
[Board "5"]
[PlyCount "59"]
[EventRounds "11"]
[EventCountry "IND"]

1.d4 Nf6 2.c4 g6 3.f3 d5 4.cxd5 Nxd5 5.e4 Nb6 6.Nc3 Bg7 7.Be3 e5 8.d5 c6 
9.Qd2 cxd5 10.exd5 O-O 11.h4 N8d7 12.h5 Nf6 13.hxg6 fxg6 14.O-O-O Bd7 15.
Kb1 Rc8 16.d6 Na4 17.Ne4 Nxe4 18.fxe4 Nc5 19.Bc4+ Ne6 20.Bb3 a5 21.Nf3 
Rxf3 22.gxf3 Qe8 23.Qxa5 Qf8 24.Bxe6+ Bxe6 25.d7 Rd8 26.Bc5 Qf6 27.Qc7 Bf8
28.Bxf8 Qxf8 29.Rd6 Bf7 30.Rc1 1-0

[Event "40th IND-ch (w)"]
[Site "Kolkata IND"]
[Date "2013.09.05"]
[Round "11"]
[White "Kulkarni, Bhakti"]
[Black "Swathi, Ghate"]
[Result "1/2-1/2"]
[WhiteElo "2302"]
[BlackElo "2226"]
[EventDate "2013.08.26"]
[Board "1"]
[PlyCount "102"]
[EventRounds "11"]
[EventCountry "IND"]

1.d4 Nf6 2.Nf3 e6 3.e3 b6 4.Bd3 Bb7 5.O-O g6 6.c4 Bg7 7.Nc3 c5 8.b3 O-O 9.
Bb2 Nc6 10.dxc5 bxc5 11.Qd2 a6 12.Rad1 Qc7 13.Ne4 Nxe4 14.Bxe4 Bxb2 15.
Qxb2 d6 16.Rd2 f5 17.Bb1 Nd8 18.Ng5 Qe7 19.f4 Nf7 20.Nxf7 Rxf7 21.Rfd1 Rd8
22.Bd3 e5 23.Bf1 exf4 24.exf4 Rf6 25.b4 Rc8 26.bxc5 Rxc5 27.Rd4 Re6 28.Rb1
Rc7 29.Qb4 Be4 30.Qb8+ Kg7 31.Rbd1 Rb7 32.Qc8 Rb2 33.Qxa6 Bxg2 34.Qa3 Qb7 
35.Rxd6 Rxd6 36.Qxd6 Bxf1 37.Qd7+ Qxd7 38.Rxd7+ Kh6 39.Kxf1 Rxa2 40.Kg1 
Rc2 41.Rc7 Kh5 42.Rxh7+ Kg4 43.Rg7 Kf3 44.h4 Rg2+ 45.Kf1 Rc2 46.Kg1 Rc1+ 
47.Kh2 Rxc4 48.Rxg6 Rxf4 49.Rg3+ Kf2 50.Rg2+ Kf3 51.Rg3+ Kf2 1/2-1/2

[Event "40th IND-ch (w)"]
[Site "Kolkata IND"]
[Date "2013.09.05"]
[Round "11"]
[White "Mohanty, Kiran Monisha"]
[Black "Monnisha, Gajendra Babu Kannaiyan"]
[Result "1-0"]
[WhiteElo "2272"]
[BlackElo "2056"]
[EventDate "2013.08.26"]
[Board "2"]
[PlyCount "115"]
[EventRounds "11"]
[EventCountry "IND"]

1.e4 e5 2.Nf3 Nc6 3.Bb5 a6 4.Ba4 Nf6 5.O-O b5 6.Bb3 Bc5 7.c3 d6 8.d3 h6 9.
Nbd2 O-O 10.h3 Bb6 11.Re1 Ne7 12.Nf1 Ng6 13.Ng3 Re8 14.Nh2 c5 15.Qf3 Nh4 
16.Qe2 Be6 17.Bc2 d5 18.Rd1 Qe7 19.Ng4 dxe4 20.dxe4 Nxg4 21.hxg4 Rad8 22.
Rxd8 Rxd8 23.Be3 Bc4 24.Qe1 Bd3 25.Bxd3 Rxd3 26.a4 Qd8 27.a5 Bxa5 28.Bxc5 
Bb6 29.Bxb6 Qxb6 30.Nf1 b4 31.Qe2 Rd6 32.Ne3 Qc6 33.Nd5 Rxd5 34.exd5 Qxd5 
35.Qf1 bxc3 36.bxc3 a5 37.c4 Qc5 38.Qd3 Ng6 39.Qd8+ Kh7 40.Qd5 Qb4 41.Qxf7
a4 42.Rd1 e4 43.Rd8 Nh4 44.Qg8+ Kg6 45.Qe6+ Kh7 46.Qxe4+ Ng6 47.Re8 Qc3 
48.Re6 Qc1+ 49.Kh2 Qg5 50.Qf5 a3 51.Qxg5 hxg5 52.Ra6 Ne5 53.c5 Nxg4+ 54.
Kg1 Ne5 55.c6 Nxc6 56.Rxc6 a2 57.Ra6 a1=Q+ 58.Rxa1 1-0

[Event "40th IND-ch (w)"]
[Site "Kolkata IND"]
[Date "2013.09.05"]
[Round "11"]
[White "Pratyusha, Bodda"]
[Black "Tania, Sachdev"]
[Result "0-1"]
[WhiteElo "2159"]
[BlackElo "2430"]
[EventDate "2013.08.26"]
[Board "3"]
[PlyCount "58"]
[EventRounds "11"]
[EventCountry "IND"]

1.Nc3 d5 2.e4 d4 3.Nce2 e5 4.Ng3 Be6 5.Bb5+ c6 6.Ba4 Nd7 7.Bb3 Nc5 8.Bxe6 
Nxe6 9.d3 Bb4+ 10.Kf1 Ne7 11.Nh3 Qc7 12.a3 Bd6 13.Nf5 O-O-O 14.b4 g6 15.
Nxd6+ Qxd6 16.g3 f5 17.Kg2 f4 18.f3 h5 19.gxf4 exf4 20.Nf2 g5 21.h3 Ng6 
22.Bb2 Ne5 23.c3 g4 24.hxg4 hxg4 25.Nxg4 Nxg4 26.fxg4 Rxh1 27.Qxh1 dxc3 
28.Bxc3 Qxd3 29.Qe1 Ng5 0-1

[Event "40th IND-ch (w)"]
[Site "Kolkata IND"]
[Date "2013.09.05"]
[Round "11"]
[White "Padmini, Rout"]
[Black "Soumya, Swaminathan"]
[Result "1-0"]
[WhiteElo "2332"]
[BlackElo "2318"]
[EventDate "2013.08.26"]
[Board "4"]
[PlyCount "93"]
[EventRounds "11"]
[EventCountry "IND"]

1.e4 c5 2.Nf3 Nc6 3.Nc3 e5 4.Bc4 d6 5.d3 Be7 6.O-O Nf6 7.Ng5 O-O 8.f4 exf4
9.Bxf4 Ne5 10.Bxe5 dxe5 11.Kh1 h6 12.Nf3 Bd6 13.Nh4 Nd5 14.Ng6 Ne3 15.Qf3 
Nxf1 16.Nxf8 Qxf8 17.Rxf1 Be6 18.Nb5 a6 19.Bxe6 fxe6 20.Nxd6 Qxd6 21.Qf7+ 
Kh8 22.h4 c4 23.dxc4 Qc6 24.Qg6 Qxc4 25.Rf7 Rg8 26.Rxb7 Qxc2 27.Kh2 a5 28.
a3 Qc6 29.Re7 Qb6 30.b4 axb4 31.axb4 Qxb4 32.Rxe6 Qe1 33.Qg4 Qf2 34.Rxe5 
Ra8 35.Rf5 Qd4 36.Rd5 Qc4 37.Rd7 Qc3 38.Qg3 Qxg3+ 39.Kxg3 Kg8 40.Kg4 Ra2 
41.g3 Rf2 42.e5 Kf8 43.Rd4 Ke7 44.Kh5 Ke6 45.Kg6 Kxe5 46.Rg4 Ra2 47.Kxg7 
Kf5 48.Rf4+ Ke5 49.Kxh6 Ra3 50.Rg4 Kf6 51.Rg6+ Kf7 52.h5 Ra8 53.Kh7 Ra1 
54.g4 Rg1 55.g5 Rh1 56.h6 Rh2 57.Ra6 Rg2 58.g6+ 1-0

[Event "40th IND-ch (w)"]
[Site "Kolkata IND"]
[Date "2013.09.05"]
[Round "11"]
[White "Mohota, Nisha"]
[Black "Michelle, Catherina"]
[Result "1-0"]
[WhiteElo "2293"]
[BlackElo "2152"]
[EventDate "2013.08.26"]
[Board "5"]
[PlyCount "85"]
[EventRounds "11"]
[EventCountry "IND"]

1.d4 Nf6 2.c4 e6 3.g3 d5 4.Nf3 Bb4+ 5.Bd2 Be7 6.Bg2 O-O 7.O-O c6 8.Nc3 
dxc4 9.a4 Na6 10.Qc1 Nb4 11.Nb1 b5 12.Bxb4 Bxb4 13.Ne5 Bb7 14.axb5 a5 15.
bxc6 Ba6 16.Rd1 Nd5 17.e4 Nb6 18.Na3 Qc7 19.Naxc4 Bxc4 20.Nxc4 Qxc6 21.Ne5
Qd6 22.Nc6 Rfc8 23.d5 exd5 24.exd5 g6 25.Qg5 Re8 26.Qg4 h5 27.Qf3 Nc4 28.
Qb3 Ne5 29.Nxb4 axb4 30.h3 Nd7 31.Rxa8 Rxa8 32.Rd4 Rb8 33.Kh2 Nf6 34.Rc4 
Qb6 35.Qf3 Qd8 36.Rc6 Rb6 37.d6 Rxc6 38.Qxc6 Kg7 39.Bf1 Kf8 40.Bb5 h4 41.
Qc7 hxg3+ 42.fxg3 Qa8 43.d7 1-0

[Event "40th IND-ch (w)"]
[Site "Kolkata IND"]
[Date "2013.09.05"]
[Round "11"]
[White "Gomes, Mary Ann"]
[Black "Furtado, Ivana Maria"]
[Result "1/2-1/2"]
[WhiteElo "2418"]
[BlackElo "2116"]
[EventDate "2013.08.26"]
[Board "6"]
[PlyCount "50"]
[EventRounds "11"]
[EventCountry "IND"]

1.Nf3 Nf6 2.g3 g6 3.Bg2 Bg7 4.d3 d5 5.Nbd2 O-O 6.O-O c5 7.e4 Nc6 8.Re1 e6 
9.Qe2 b6 10.Nf1 Ba6 11.e5 Nd7 12.Bf4 Re8 13.h4 f6 14.exf6 Bxf6 15.c4 b5 
16.Ng5 Nd4 17.Qg4 h5 18.Qd1 Nb6 19.Ne3 Kg7 20.cxd5 e5 21.Nc2 exf4 22.Nxd4 
Bxd4 23.Qf3 Qd6 24.Ne6+ Kh8 25.gxf4 Bb7 1/2-1/2